| 000 | 01073nam0a22002651 4500 | ||
|---|---|---|---|
| 001 | rc\3049304 | ||
| 005 | 20250806202259.0 | ||
| 035 | _a(NLR Aleph) 007188904 | ||
| 090 |
_a45953 _c45953 |
||
| 100 | _a20111010d1944 u y0rusy50 ca | ||
| 101 | 0 | _arus | |
| 102 | _aRU | ||
| 105 | _aa z ||||| | ||
| 200 | 1 |
_aПростейшее водоснабжение колхозов _fинж. К.П. Ковров и инж. М.М. Сапожников _gОбл. отдел по делам архитектуры Леноблисполкома |
|
| 210 |
_a[Ленинград] _cЛениздат _d1944 _gтип. № 10 Упр. изд-ва и полиграфии Ленгорисполкома |
||
| 215 |
_a32 с. _cил., черт. _d20 см |
||
| 700 | 1 |
_aКовров _bК.П. _gКонстантин Павлович |
|
| 701 | 1 |
_aСапожников _bМ.М. |
|
| 801 | 0 |
_aRU _bNLR _gpsbo |
|
| 801 | 1 |
_aRU _bELAR _2rusmarc |
|
| 852 |
_aNLR _jТ80 Г-4/468 |
||
| 942 | _cBOOK | ||
| 945 | _aРоссийская национальная библиотека | ||
| 980 | _aNB | ||
| 980 | _aBV | ||